000 00314nam a2200109Ia 4500
008 171211s9999 xx 000 0 und d
245 _aPlant Secondary Metabolites, Volume One
245 _cMohammed Wasim Siddiqui
260 _c2017
650 _xBiology
856 _uhttp://down.ebook777.com/063/9781771883528.pdf
999 _c350368
_d350368